| 000 | 01733ntm a2200265 a 4500 | ||
|---|---|---|---|
| 001 | 76419 | ||
| 003 | BD-RjUL | ||
| 005 | 20211209082836.0 | ||
| 008 | 191203s 2010bg ||||| bm|| 00| 0 ben d | ||
| 035 | _a(BD-RjUL)76640 | ||
| 040 |
_aBD-RjUL _bben/eng _cBD-RjUL _dBD-RjUL |
||
| 041 | _aben | ||
| 082 |
_223 _a892.713409 _bRAA 2010 |
||
| 100 | 1 |
_aরহমান, মো. সেতাউর _9235940 |
|
| 245 | 1 | 0 |
_aআরবী কাব্যচর্চায় আব্বসীয় খলীফাদের পৃষ্ঠপোষকতা = The Patronization of the Abbasid Caliphs towards the cultivation of Arabic Poetry / _cমো. সেতাউর রহমান ; _6তত্ত্বাবধায়ক: মুহাম্মদ আব্দুল আজীজ খান |
| 246 | _aThe Patronization of the Abbasid Caliphs towards the cultivation of Arabic Poetry | ||
| 260 |
_aরাজশাহী : _bআরবী বিভাগ, রাজশাহী বিশ্ববিদ্যালয়, _c২০১০ |
||
| 300 |
_a[৩], x, ৩০৮ পাতা ; _c৩০ সেমি. |
||
| 502 | _aথিসিস (পিএইচ. ডি.)-- আরবী বিভাগ, রাজশাহী বিশ্ববিদ্যালয়, ২০১০ | ||
| 504 | _aগ্রন্থপঞ্জি: পাতা ২৯৫-৩০৮ | ||
| 650 |
_aআরবী কবিতা _yআব্বাসীয় যুগ _xইতিহাস ও সমালোচনা _9235941 |
||
| 650 |
_aArabic Poetry _yAbbasid Period _xHistory and criticism _9235942 |
||
| 700 |
_aখান, মুহাম্মদ আব্দুল আজীজ, তত্ত্বাবধায়ক _9235943 |
||
| 942 |
_2ddc _cTHE |
||
| 999 |
_c76419 _d76419 |
||